[Event "MARIENBAD OPEN 2020 - A, B - closed tournaments"]
[Site "?"]
[Date "2020.01.21"]
[Round "5"]
[White "Swicarz, Maciej"]
[Black "Bai, Adelard"]
[Result "1-0"]
[BlackElo "2430"]
[WhiteElo "2357"]
[LiveChessVersion "1.4.8"]

1. e4 {[%clk 1:30:55]} e5 {[%clk 1:30:52]} 2. Nf3 {[%clk 1:31:19]} Nc6
{[%clk 1:31:17]} 3. Bc4 {[%clk 1:30:51]} Nf6 {[%clk 1:31:39]} 4. d3
{[%clk 1:31:16]} Be7 {[%clk 1:32:03]} 5. O-O {[%clk 1:31:30]} O-O
{[%clk 1:32:13]} 6. a4 {[%clk 1:31:49]} d6 {[%clk 1:32:36]} 7. a5
{[%clk 1:31:35]} a6 {[%clk 1:32:59]} 8. h3 {[%clk 1:31:53]} Kh8 {[%clk 1:32:48]}
9. Re1 {[%clk 1:31:24]} Ng8 {[%clk 1:33:06]} 10. Nc3 {[%clk 1:31:41]} f5
{[%clk 1:33:28]} 11. Nd5 {[%clk 1:31:38]} fxe4 {[%clk 1:33:50]} 12. dxe4
{[%clk 1:32:00]} Bf6 {[%clk 1:34:05]} 13. Ra3 {[%clk 1:31:51]} Nce7
{[%clk 1:32:28]} 14. Nxf6 {[%clk 1:31:23]} Nxf6 {[%clk 1:32:50]} 15. Ng5
{[%clk 1:30:52]} Qe8 {[%clk 1:33:10]} 16. Ne6 {[%clk 1:29:40]} Bxe6
{[%clk 1:33:33]} 17. Bxe6 {[%clk 1:30:02]} Ng6 {[%clk 1:26:39]} 18. Ba2
{[%clk 1:27:14]} Nf4 {[%clk 1:18:26]} 19. b4 {[%clk 1:20:22]} Qg6
{[%clk 0:57:06]} 20. Rg3 {[%clk 1:19:39]} Qh6 {[%clk 0:56:48]} 21. Rc3
{[%clk 1:11:58]} Rac8 {[%clk 0:49:59]} 22. Qf3 {[%clk 0:48:29]} g5
{[%clk 0:43:34]} 23. Bxf4 {[%clk 0:38:16]} gxf4 {[%clk 0:43:14]} 24. Qd3
{[%clk 0:34:29]} f3 {[%clk 0:35:03]} 25. Qxf3 {[%clk 0:27:21]} Nd5
{[%clk 0:30:15]} 26. Bxd5 {[%clk 0:26:53]} Rxf3 {[%clk 0:30:30]} 27. Rxf3
{[%clk 0:27:20]} c6 {[%clk 0:16:03]} 28. Bb3 {[%clk 0:27:15]} Qd2
{[%clk 0:14:17]} 29. Ree3 {[%clk 0:27:31]} Qxb4 {[%clk 0:14:06]} 30. Rf7
{[%clk 0:26:16]} Qxa5 {[%clk 0:10:34]} 31. Be6 {[%clk 0:19:35]} Qd8
{[%clk 0:00:36]} 32. Rg3 {[%clk 0:14:50]} Qe8 {[%clk 0:00:41]} 33. Bb3
{[%clk 0:15:10]} d5 {[%clk 0:00:33]} 34. Rgg7 {[%clk 0:15:31]} Rd8
{[%clk 0:00:49]} 35. Rxh7+ {[%clk 0:14:44]} Kg8 {[%clk 0:01:18]} 36. Rfg7+
{[%clk 0:15:01]} Kf8 {[%clk 0:01:47]} 37. Rxb7 {[%clk 0:15:03]} Kg8
{[%clk 0:00:48]} 38. Rbg7+ {[%clk 0:09:13]} Kf8 {[%clk 0:01:16]} 39. h4
{[%clk 0:09:09]} Qe6 {[%clk 0:00:36]} 40. h5 {[%clk 0:09:09]} Rd6
{[%clk 0:00:32]} 41. h6 {[%clk 0:09:15]} Qxh6 {[%clk 0:28:29]} 42. Rxh6
{[%clk 0:39:29]} Rxh6 {[%clk 0:28:53]} 43. Ra7 {[%clk 0:39:45]} 1-0

[Event "MARIENBAD OPEN 2020 - A, B - closed tournaments"]
[Site "?"]
[Date "2020.01.21"]
[Round "5"]
[White "Siddharth, Jagadeesh"]
[Black "Quesada Perez, Luis Ernesto"]
[Result "0-1"]
[BlackElo "2491"]
[WhiteElo "2301"]
[LiveChessVersion "1.4.8"]

1. d4 {[%clk 1:30:57]} f5 {[%clk 1:25:18]} 2. g3 {[%clk 1:31:20]} Nf6
{[%clk 1:25:42]} 3. Bg2 {[%clk 1:31:46]} g6 {[%clk 1:26:05]} 4. Nf3
{[%clk 1:32:12]} Bg7 {[%clk 1:26:27]} 5. O-O {[%clk 1:32:39]} O-O
{[%clk 1:26:45]} 6. b4 {[%clk 1:33:02]} d6 {[%clk 1:26:09]} 7. Bb2
{[%clk 1:33:25]} e5 {[%clk 1:02:45]} 8. dxe5 {[%clk 1:32:28]} Nfd7
{[%clk 1:02:38]} 9. Qd5+ {[%clk 1:31:20]} Kh8 {[%clk 1:03:02]} 10. Bc3
{[%clk 1:31:44]} dxe5 {[%clk 0:57:16]} 11. Nxe5 {[%clk 1:30:44]} Nxe5
{[%clk 0:57:40]} 12. Bxe5 {[%clk 1:31:08]} Qxd5 {[%clk 0:57:25]} 13. Bxg7+
{[%clk 1:31:36]} Kxg7 {[%clk 0:57:47]} 14. Bxd5 {[%clk 1:32:04]} c6
{[%clk 0:57:31]} 15. Bf3 {[%clk 1:31:49]} a5 {[%clk 0:57:50]} 16. bxa5
{[%clk 1:31:58]} Rxa5 {[%clk 0:57:42]} 17. Nd2 {[%clk 1:31:35]} Nd7
{[%clk 0:58:01]} 18. Nb3 {[%clk 1:28:19]} Ra3 {[%clk 0:57:26]} 19. Rfd1
{[%clk 1:24:44]} Ne5 {[%clk 0:56:58]} 20. Bg2 {[%clk 1:24:44]} Re8
{[%clk 0:56:06]} 21. e3 {[%clk 1:21:52]} Kf6 {[%clk 0:52:34]} 22. Nd4
{[%clk 1:13:34]} Nf7 {[%clk 0:50:35]} 23. Rd3 {[%clk 1:10:53]} Ra6
{[%clk 0:44:50]} 24. Rb3 {[%clk 1:05:21]} g5 {[%clk 0:42:24]} 25. Bf1
{[%clk 1:03:48]} Ra4 {[%clk 0:42:19]} 26. Rb6 {[%clk 1:02:39]} Re5
{[%clk 0:42:09]} 27. Rd1 {[%clk 0:53:38]} g4 {[%clk 0:40:07]} 28. h4
{[%clk 0:51:21]} Rxa2 {[%clk 0:39:53]} 29. Bc4 {[%clk 0:51:01]} Ra8
{[%clk 0:40:13]} 30. Nb5 {[%clk 0:48:07]} Re7 {[%clk 0:25:38]} 31. Bxf7
{[%clk 0:45:42]} Rxf7 {[%clk 0:25:55]} 32. Nd6 {[%clk 0:45:56]} Rd7
{[%clk 0:24:53]} 33. Rd3 {[%clk 0:46:10]} Re7 {[%clk 0:24:35]} 34. Nxc8
{[%clk 0:46:34]} Rxc8 {[%clk 0:25:03]} 35. Rdb3 {[%clk 0:46:46]} Rcc7
{[%clk 0:25:14]} 36. Kf1 {[%clk 0:44:59]} Ke6 {[%clk 0:23:22]} 37. Ke2
{[%clk 0:44:21]} Kd5 {[%clk 0:22:57]} 38. Rb1 {[%clk 0:43:56]} Kc5
{[%clk 0:23:14]} 39. R1b3 {[%clk 0:43:29]} Red7 {[%clk 0:21:41]} 40. Rb1
{[%clk 0:43:29]} Kd6 {[%clk 0:21:04]} 41. R1b4 {[%clk 0:43:37]} h5
{[%clk 0:18:18]} 42. Ke1 {[%clk 0:43:19]} Ke7 {[%clk 0:17:46]} 43. Rf4
{[%clk 0:43:40]} Rd5 {[%clk 0:17:31]} 44. Rfb4 {[%clk 0:42:40]} Rdd7
{[%clk 0:17:54]} 45. Rf4 {[%clk 0:43:03]} Ke6 {[%clk 0:18:07]} 46. Rfb4
{[%clk 0:43:20]} Rf7 {[%clk 0:18:24]} 47. Ke2 {[%clk 0:43:02]} Rcd7
{[%clk 0:17:21]} 48. Ke1 {[%clk 0:42:00]} Kf6 {[%clk 0:17:29]} 49. Rb1
{[%clk 0:39:34]} Kg7 {[%clk 0:17:34]} 50. Ra1 {[%clk 0:39:34]} Rde7
{[%clk 0:17:13]} 51. Ra7 {[%clk 0:34:06]} Rd7 {[%clk 0:15:21]} 52. Ra1
{[%clk 0:34:27]} Kf6 {[%clk 0:15:40]} 53. Rab1 {[%clk 0:34:41]} Rfe7
{[%clk 0:14:58]} 54. Ra1 {[%clk 0:33:35]} Ke6 {[%clk 0:13:46]} 55. Ra5
{[%clk 0:32:02]} Rf7 {[%clk 0:13:38]} 56. Rb3 {[%clk 0:25:55]} Rd5
{[%clk 0:11:59]} 57. Rxd5 {[%clk 0:24:53]} Kxd5 {[%clk 0:12:27]} 58. Rd3+
{[%clk 0:25:15]} Kc4 {[%clk 0:06:59]} 59. Kd2 {[%clk 0:25:07]} c5
{[%clk 0:05:55]} 60. Kc1 {[%clk 0:14:02]} Re7 {[%clk 0:26:39]} 61. Rd6
{[%clk 0:38:14]} Re5 {[%clk 0:26:58]} 62. Rh6 {[%clk 0:35:33]} Kc3
{[%clk 0:27:13]} 63. Rxh5 {[%clk 0:26:14]} c4 {[%clk 0:27:25]} 64. Rg5
{[%clk 0:21:38]} b5 {[%clk 0:26:38]} 65. h5 {[%clk 0:20:29]} b4 {[%clk 0:26:47]}
66. h6 {[%clk 0:19:55]} Ra5 {[%clk 0:27:12]} 67. Kd1 {[%clk 0:19:08]} Ra1+
{[%clk 0:27:37]} 68. Ke2 {[%clk 0:19:37]} Rh1 {[%clk 0:27:59]} 69. Rxf5
{[%clk 0:19:08]} Kxc2 {[%clk 0:28:27]} 70. Rf4 {[%clk 0:19:38]} Kc3
{[%clk 0:28:04]} 71. Rxg4 {[%clk 0:19:54]} Rxh6 {[%clk 0:28:33]} 0-1

[Event "MARIENBAD OPEN 2020 - A, B - closed tournaments"]
[Site "?"]
[Date "2020.01.21"]
[Round "5"]
[White "Plat, Vojtech"]
[Black "Dev, Shah"]
[Result "1-0"]
[BlackElo "2320"]
[WhiteElo "2589"]
[LiveChessVersion "1.4.8"]

1. d4 {[%clk 1:30:58]} d5 {[%clk 1:29:59]} 2. Nf3 {[%clk 1:31:22]} Nf6
{[%clk 1:30:18]} 3. e3 {[%clk 1:31:47]} c6 {[%clk 1:27:14]} 4. Bd3
{[%clk 1:32:01]} Bg4 {[%clk 1:25:42]} 5. Nbd2 {[%clk 1:32:25]} Nbd7
{[%clk 1:25:46]} 6. c4 {[%clk 1:31:40]} e6 {[%clk 1:24:08]} 7. Qc2
{[%clk 1:31:58]} Bd6 {[%clk 1:23:17]} 8. b3 {[%clk 1:31:55]} O-O {[%clk 1:21:31]}
9. Bb2 {[%clk 1:32:23]} Qb8 {[%clk 1:21:41]} 10. Ng5 {[%clk 1:31:25]} g6
{[%clk 1:16:43]} 11. h4 {[%clk 1:24:02]} Bf5 {[%clk 1:07:14]} 12. h5
{[%clk 1:23:38]} Bxd3 {[%clk 1:03:49]} 13. Qxd3 {[%clk 1:23:57]} e5
{[%clk 1:03:28]} 14. hxg6 {[%clk 1:22:00]} hxg6 {[%clk 1:03:31]} 15. O-O-O
{[%clk 1:22:20]} e4 {[%clk 1:01:33]} 16. Qe2 {[%clk 1:21:19]} Kg7
{[%clk 1:00:49]} 17. f3 {[%clk 1:21:45]} Qe8 {[%clk 0:57:23]} 18. fxe4
{[%clk 1:21:51]} dxe4 {[%clk 0:57:40]} 19. Qf2 {[%clk 1:22:12]} Qe7
{[%clk 0:56:34]} 20. d5 {[%clk 1:16:43]} Be5 {[%clk 0:55:56]} 21. Ndxe4
{[%clk 1:16:59]} cxd5 {[%clk 0:48:46]} 22. cxd5 {[%clk 1:17:23]} Nxe4
{[%clk 0:47:20]} 23. Nxe4 {[%clk 1:17:34]} Bxb2+ {[%clk 0:45:18]} 24. Qxb2+
{[%clk 1:18:03]} f6 {[%clk 0:45:47]} 25. Qd4 {[%clk 1:17:50]} Rae8
{[%clk 0:40:02]} 26. Rh4 {[%clk 1:12:57]} Rh8 {[%clk 0:39:04]} 27. d6
{[%clk 1:11:09]} Qe5 {[%clk 0:35:47]} 28. Qxe5 {[%clk 1:10:49]} fxe5
{[%clk 0:30:06]} 29. Rhh1 {[%clk 1:11:18]} Rxh1 {[%clk 0:27:35]} 30. Rxh1
{[%clk 1:11:47]} Re6 {[%clk 0:27:33]} 31. Kb2 {[%clk 1:12:00]} Nf6
{[%clk 0:26:55]} 32. Rd1 {[%clk 1:08:01]} Re8 {[%clk 0:27:15]} 33. Nc5
{[%clk 1:08:08]} Rb8 {[%clk 0:27:44]} 34. d7 {[%clk 1:08:28]} 1-0

[Event "MARIENBAD OPEN 2020 - A, B - closed tournaments"]
[Site "?"]
[Date "2020.01.21"]
[Round "5"]
[White "Baenziger, Fabian"]
[Black "Bracker, Arne"]
[Result "1-0"]
[BlackElo "2243"]
[WhiteElo "2412"]
[LiveChessVersion "1.4.8"]

1. d4 {[%clk 1:30:51]} Nf6 {[%clk 1:30:53]} 2. c4 {[%clk 1:31:06]} e6
{[%clk 1:31:06]} 3. Nf3 {[%clk 1:30:58]} d5 {[%clk 1:31:25]} 4. g3
{[%clk 1:31:08]} Be7 {[%clk 1:31:26]} 5. Bg2 {[%clk 1:31:31]} O-O
{[%clk 1:31:49]} 6. O-O {[%clk 1:31:26]} Nbd7 {[%clk 1:31:52]} 7. Qc2
{[%clk 1:30:58]} c6 {[%clk 1:31:53]} 8. Rd1 {[%clk 1:30:45]} b6 {[%clk 1:31:22]}
9. b3 {[%clk 1:30:15]} Bb7 {[%clk 1:28:50]} 10. Nc3 {[%clk 1:29:47]} Rc8
{[%clk 1:24:53]} 11. e4 {[%clk 1:29:33]} c5 {[%clk 0:55:46]} 12. exd5
{[%clk 1:28:52]} exd5 {[%clk 0:56:03]} 13. Bb2 {[%clk 1:17:13]} dxc4
{[%clk 0:50:18]} 14. d5 {[%clk 1:17:32]} Bd6 {[%clk 0:43:58]} 15. bxc4
{[%clk 1:12:08]} a6 {[%clk 0:44:20]} 16. Bh3 {[%clk 1:06:30]} Re8
{[%clk 0:39:42]} 17. Ng5 {[%clk 1:03:15]} Be5 {[%clk 0:31:55]} 18. Rab1
{[%clk 0:55:17]} Rb8 {[%clk 0:27:46]} 19. Re1 {[%clk 0:47:19]} h6
{[%clk 0:22:38]} 20. Nf3 {[%clk 0:46:55]} Bd6 {[%clk 0:20:48]} 21. Nh4
{[%clk 0:42:56]} Ne5 {[%clk 0:16:56]} 22. Ne4 {[%clk 0:43:06]} Nxe4
{[%clk 0:15:46]} 23. Rxe4 {[%clk 0:41:59]} Bc8 {[%clk 0:15:28]} 24. Bxc8
{[%clk 0:40:52]} Qxc8 {[%clk 0:12:50]} 25. Rbe1 {[%clk 0:40:57]} g5
{[%clk 0:09:35]} 26. Bxe5 {[%clk 0:39:44]} Rxe5 {[%clk 0:09:55]} 27. Rxe5
{[%clk 0:30:30]} Bxe5 {[%clk 0:10:18]} 28. Rxe5 {[%clk 0:29:28]} gxh4
{[%clk 0:10:41]} 29. Qd2 {[%clk 0:29:54]} Kh7 {[%clk 0:07:30]} 30. Qf4
{[%clk 0:18:22]} Qc7 {[%clk 0:04:34]} 31. d6 {[%clk 0:18:13]} 1-0

[Event "MARIENBAD OPEN 2020 - A, B - closed tournaments"]
[Site "?"]
[Date "2020.01.21"]
[Round "5"]
[White "Steiner, Bruno"]
[Black "Plischki, Sebastian"]
[Result "0-1"]
[BlackElo "2387"]
[WhiteElo "2117"]
[LiveChessVersion "1.4.8"]

1. d4 {[%clk 1:30:36]} Nf6 {[%clk 1:30:36]} 2. Bf4 {[%clk 1:29:13]} g6
{[%clk 1:30:31]} 3. c3 {[%clk 1:26:47]} Bg7 {[%clk 1:30:30]} 4. Nd2
{[%clk 1:27:08]} d6 {[%clk 1:30:28]} 5. e4 {[%clk 1:27:16]} O-O {[%clk 1:28:42]}
6. Ngf3 {[%clk 1:27:03]} Nbd7 {[%clk 1:27:40]} 7. h3 {[%clk 1:26:27]} e5
{[%clk 1:17:08]} 8. dxe5 {[%clk 1:14:11]} dxe5 {[%clk 1:15:54]} 9. Nxe5
{[%clk 1:13:32]} Re8 {[%clk 1:11:39]} 10. Nxd7 {[%clk 1:08:44]} Nxe4
{[%clk 1:11:20]} 11. Nxe4 {[%clk 1:08:51]} Rxe4+ {[%clk 1:09:38]} 12. Be3
{[%clk 0:58:41]} Bxd7 13. Qd3 Qe7 {[%clk 1:04:30]} 14. Be2 {[%clk 0:39:32]} Bf5
{[%clk 1:00:44]} 15. O-O {[%clk 0:31:38]} Rd8 {[%clk 0:54:48]} 16. Qb5
{[%clk 0:31:28]} c6 {[%clk 0:54:26]} 17. Qa5 {[%clk 0:26:17]} b6 {[%clk 0:52:40]}
18. Qa6 {[%clk 0:25:03]} Bc8 {[%clk 0:52:36]} 19. Qa3 {[%clk 0:24:49]} Qxa3
{[%clk 0:50:58]} 20. bxa3 {[%clk 0:25:15]} Bxc3 {[%clk 0:44:30]} 21. Rac1
{[%clk 0:23:24]} Bd4 {[%clk 0:41:38]} 22. Rxc6 {[%clk 0:19:58]} Bxe3
{[%clk 0:41:30]} 23. fxe3 {[%clk 0:20:23]} Be6 {[%clk 0:41:13]} 24. Rc3
{[%clk 0:15:25]} Rd2 {[%clk 0:37:52]} 25. Bb5 {[%clk 0:10:40]} Rxa2
{[%clk 0:37:03]} 26. Be8 {[%clk 0:10:46]} Rc4 {[%clk 0:34:40]} 27. Rd3
{[%clk 0:01:55]} Rcc2 {[%clk 0:34:57]} 0-1

[Event "MARIENBAD OPEN 2020 - A, B - closed tournaments"]
[Site "?"]
[Date "2020.01.21"]
[Round "5"]
[White "Grabarczyk, Miroslaw"]
[Black "Stigar, Petter"]
[Result "1-0"]
[BlackElo "2217"]
[WhiteElo "2366"]
[LiveChessVersion "1.4.8"]

1. d4 {[%clk 1:30:55]} e6 {[%clk 1:30:20]} 2. c4 {[%clk 1:29:23]} Nf6
{[%clk 1:28:51]} 3. Nf3 {[%clk 1:27:01]} d5 {[%clk 1:29:09]} 4. Nc3
{[%clk 1:25:42]} dxc4 {[%clk 1:28:43]} 5. e3 {[%clk 1:25:36]} a6 {[%clk 1:28:39]}
6. a4 {[%clk 1:25:03]} c5 {[%clk 1:28:47]} 7. Bxc4 {[%clk 1:25:04]} Nc6
{[%clk 1:28:41]} 8. O-O {[%clk 1:24:53]} Qc7 {[%clk 1:28:55]} 9. Qe2
{[%clk 1:19:43]} Be7 {[%clk 1:28:44]} 10. Bd2 {[%clk 1:15:40]} O-O
{[%clk 1:19:19]} 11. d5 {[%clk 1:14:09]} exd5 {[%clk 1:16:58]} 12. Nxd5
{[%clk 1:14:28]} Nxd5 {[%clk 1:17:07]} 13. Bxd5 {[%clk 1:14:48]} Bf6
{[%clk 1:06:28]} 14. Bc3 {[%clk 1:14:22]} Bxc3 {[%clk 1:06:36]} 15. bxc3
{[%clk 1:14:41]} Ne7 {[%clk 0:57:59]} 16. e4 {[%clk 1:00:04]} Bg4
{[%clk 0:52:21]} 17. Bc4 {[%clk 0:56:13]} Rab8 {[%clk 0:42:35]} 18. Rfb1
{[%clk 0:50:15]} Bh5 {[%clk 0:30:32]} 19. Qe3 {[%clk 0:43:27]} Bxf3
{[%clk 0:27:41]} 20. Qxf3 {[%clk 0:41:53]} Qc6 {[%clk 0:21:01]} 21. a5
{[%clk 0:35:24]} Qc7 {[%clk 0:20:12]} 22. Rd1 {[%clk 0:26:51]} Rbd8
{[%clk 0:18:44]} 23. Bd5 {[%clk 0:23:44]} Nxd5 {[%clk 0:12:53]} 24. Rxd5
{[%clk 0:18:27]} Rxd5 {[%clk 0:11:22]} 25. exd5 {[%clk 0:18:50]} Re8
{[%clk 0:10:49]} 26. g3 {[%clk 0:18:04]} h6 {[%clk 0:10:50]} 27. Rb1
{[%clk 0:15:13]} Rd8 {[%clk 0:07:22]} 28. Rb6 {[%clk 0:13:37]} Qe7
{[%clk 0:05:33]} 29. c4 {[%clk 0:09:59]} Rd7 {[%clk 0:04:25]} 30. Kg2
{[%clk 0:10:01]} Qe5 {[%clk 0:03:54]} 31. Rb3 {[%clk 0:09:17]} Qd6
{[%clk 0:03:50]} 32. h4 {[%clk 0:07:36]} Kf8 {[%clk 0:02:55]} 33. Qg4
{[%clk 0:07:31]} Rc7 {[%clk 0:02:17]} 34. Rxb7 {[%clk 0:06:56]} 1-0

[Event "MARIENBAD OPEN 2020 - A, B - closed tournaments"]
[Site "?"]
[Date "2020.01.21"]
[Round "5"]
[White "Michalek, Jan"]
[Black "Tymrakiewicz, Rafal"]
[Result "1/2-1/2"]
[BlackElo "2254"]
[WhiteElo "2251"]
[LiveChessVersion "1.4.8"]

1. c4 c6 2. e4 d5 3. exd5 cxd5 4. d4 Nf6 5. Nc3 e6 6. Nf3 Bb4 7. cxd5 exd5 8.
Qa4+ Nc6 9. Bb5 Bd7 10. O-O Bxc3 11. bxc3 O-O 12. Bg5 h6 13. Bxf6 Qxf6 14. Rfe1
Rfc8 15. Re3 a6 16. Bxc6 Qxc6 17. Qa3 Re8 18. Ne5 Qc7 19. Rae1 Be6 20. h3 Rac8
21. Qb3 b5 22. a4 Rb8 23. axb5 Rxb5 24. Qa4 Ra8 25. Ra1 Rab8 26. Rae1 a5 27. Qa1
Rb3 28. Rc1 Bf5 29. Ree1 f6 30. Nf3 Bd3 31. Qa4 R8b5 32. Re8+ Kh7 33. Ne1 Bg6 34.
Re3 Qc4 35. Qa1 a4 36. Kh2 Qc7+ 37. g3 a3 38. Ng2 Qc4 39. Rce1 Be4 40. Nf4 Bb1
41. Re7 a2 42. Nh5 Rb7 43. Nxf6+ Kg6 44. Nd7 Rxd7 45. Rxd7 Qc6 46. Ree7 Qf6 47.
f4 h5 48. Rxg7+ Kh6 49. Rb7 Qa6 50. Rbe7 Qb5 51. g4 hxg4 52. hxg4 Rb2+ 53. Kg1
Re2 54. g5+ Kh5 55. c4 Qxc4 56. Rxe2 Qxe2 57. Qc3 Qg4+ 58. Kf2 Be4 59. Ra7 Qg2+
60. Ke1 Qg1+ 61. Ke2 Qg2+ 62. Ke1 Qg1+ 63. Ke2 Qg2+ 64. Ke1 Qg1+ 65. Ke2 Qh2+ 66.
Ke1 Qg1+ 1/2-1/2

[Event "MARIENBAD OPEN 2020 - A, B - closed tournaments"]
[Site "?"]
[Date "2020.01.21"]
[Round "5"]
[White "Hilwerda, Jonas"]
[Black "Marszalek, Maciej"]
[Result "1/2-1/2"]
[BlackElo "2314"]
[WhiteElo "2230"]
[LiveChessVersion "1.4.8"]

1. e4 {[%clk 1:30:57]} e5 {[%clk 1:30:50]} 2. Nf3 {[%clk 1:31:20]} Nc6
{[%clk 1:31:12]} 3. Bc4 {[%clk 1:31:44]} Bc5 {[%clk 1:31:22]} 4. c3
{[%clk 1:32:10]} Nf6 {[%clk 1:31:44]} 5. d4 {[%clk 1:32:36]} exd4
{[%clk 1:31:42]} 6. e5 {[%clk 1:33:01]} d5 {[%clk 1:31:36]} 7. Bb5
{[%clk 1:33:26]} Ne4 {[%clk 1:31:47]} 8. cxd4 {[%clk 1:33:51]} Bb6
{[%clk 1:30:41]} 9. Nc3 {[%clk 1:34:05]} O-O {[%clk 1:29:39]} 10. Be3
{[%clk 1:34:15]} f5 {[%clk 1:27:16]} 11. exf6 {[%clk 1:34:39]} Nxc3
{[%clk 1:26:33]} 12. f7+ {[%clk 1:35:04]} Rxf7 {[%clk 1:26:50]} 13. bxc3
{[%clk 1:35:30]} Bg4 {[%clk 1:19:14]} 14. Be2 {[%clk 1:35:52]} Rf8
{[%clk 1:11:46]} 15. O-O {[%clk 1:28:22]} Qf6 {[%clk 1:11:04]} 16. h3
{[%clk 1:25:40]} Bh5 {[%clk 1:10:36]} 17. Nh2 {[%clk 1:23:33]} Bxe2
{[%clk 1:09:29]} 18. Qxe2 {[%clk 1:24:01]} Rae8 {[%clk 1:08:36]} 19. Qd3
{[%clk 1:15:29]} Qf5 {[%clk 1:08:10]} 20. Qxf5 {[%clk 1:08:48]} Rxf5
{[%clk 1:08:30]} 21. Nf3 {[%clk 1:08:28]} h6 {[%clk 0:59:27]} 22. Rfe1
{[%clk 1:04:29]} Ba5 {[%clk 0:56:55]} 23. Bd2 {[%clk 0:56:50]} 1/2-1/2

[Event "MARIENBAD OPEN 2020 - A, B - closed tournaments"]
[Site "?"]
[Date "2020.01.21"]
[Round "5"]
[White "Gorbatov, Alexej"]
[Black "Sharma, Isha"]
[Result "1-0"]
[BlackElo "2169"]
[WhiteElo "2355"]
[LiveChessVersion "1.4.8"]

1. d4 {[%clk 1:30:58]} Nf6 {[%clk 1:28:53]} 2. Nc3 {[%clk 1:30:42]} d5
{[%clk 1:27:40]} 3. Bf4 {[%clk 1:31:04]} c6 {[%clk 1:27:17]} 4. Qd2
{[%clk 1:31:17]} Bf5 {[%clk 1:25:31]} 5. f3 {[%clk 1:31:36]} e6 {[%clk 1:25:16]}
6. g4 {[%clk 1:29:22]} Bg6 {[%clk 1:25:11]} 7. h4 {[%clk 1:29:47]} h5
{[%clk 1:24:22]} 8. g5 {[%clk 1:30:03]} Ng8 {[%clk 1:24:01]} 9. e4
{[%clk 1:25:23]} Bd6 {[%clk 1:24:23]} 10. Nge2 {[%clk 1:21:49]} Ne7
{[%clk 1:22:49]} 11. O-O-O {[%clk 1:21:14]} a5 {[%clk 1:19:34]} 12. Bxd6
{[%clk 1:19:59]} Qxd6 {[%clk 1:19:59]} 13. Nf4 {[%clk 1:20:04]} O-O
{[%clk 1:15:36]} 14. Bd3 {[%clk 1:19:18]} Qb4 {[%clk 1:15:22]} 15. exd5
{[%clk 1:16:39]} exd5 {[%clk 1:13:02]} 16. Bxg6 {[%clk 1:11:29]} fxg6
{[%clk 1:13:11]} 17. Rde1 {[%clk 1:09:26]} Rf7 {[%clk 1:07:34]} 18. Re6
{[%clk 1:09:32]} Nd7 {[%clk 1:06:40]} 19. a3 {[%clk 1:08:33]} Qc4
{[%clk 1:02:52]} 20. b3 {[%clk 1:05:26]} Qa6 {[%clk 1:03:15]} 21. Rhe1
{[%clk 1:05:36]} Nf5 {[%clk 1:01:52]} 22. Nxg6 {[%clk 1:04:40]} Qa7
{[%clk 1:01:16]} 23. Ne7+ {[%clk 1:01:59]} Nxe7 {[%clk 0:53:58]} 24. Rxe7
{[%clk 1:02:26]} Raf8 {[%clk 0:52:39]} 25. g6 {[%clk 0:56:06]} Rxe7
{[%clk 0:52:31]} 26. Rxe7 {[%clk 0:56:33]} Nf6 {[%clk 0:52:33]} 27. Na4
{[%clk 0:53:44]} Re8 {[%clk 0:47:24]} 28. Qe3 {[%clk 0:49:51]} Qb8
{[%clk 0:43:11]} 29. Nc5 {[%clk 0:47:41]} b6 {[%clk 0:41:35]} 30. Qe6+
{[%clk 0:44:42]} Kh8 {[%clk 0:41:37]} 31. Rxe8+ {[%clk 0:44:35]} Qxe8
{[%clk 0:38:52]} 32. Qxe8+ {[%clk 0:44:59]} Nxe8 {[%clk 0:39:20]} 33. Nd7
{[%clk 0:44:54]} Nd6 {[%clk 0:38:33]} 34. Nxb6 {[%clk 0:44:36]} Nf5
{[%clk 0:37:46]} 35. Nd7 {[%clk 0:36:52]} Nxh4 {[%clk 0:34:17]} 36. Ne5
{[%clk 0:33:56]} Nf5 {[%clk 0:34:40]} 37. c3 {[%clk 0:22:47]} h4 {[%clk 0:34:58]}
38. Kd2 {[%clk 0:22:09]} h3 {[%clk 0:34:57]} 39. Ng4 {[%clk 0:22:38]} Kg8
{[%clk 0:34:50]} 40. Ke2 {[%clk 0:20:30]} Nh4 {[%clk 0:30:57]} 41. Kf2
{[%clk 0:19:16]} Nxg6 {[%clk 0:31:21]} 42. Kg3 {[%clk 0:19:45]} Kf7
{[%clk 0:28:44]} 43. Kxh3 {[%clk 0:16:43]} Nf4+ {[%clk 0:29:06]} 44. Kg3
{[%clk 0:17:08]} Ne2+ {[%clk 0:29:03]} 45. Kf2 {[%clk 0:17:37]} Nxc3
{[%clk 0:29:27]} 46. Ne5+ {[%clk 0:18:05]} Ke6 {[%clk 0:29:51]} 47. Nxc6
{[%clk 0:18:32]} Kd6 {[%clk 0:23:03]} 48. Nxa5 {[%clk 0:18:54]} Nb5
{[%clk 0:23:28]} 49. a4 {[%clk 0:17:58]} Nxd4 {[%clk 0:23:56]} 50. Ke3
{[%clk 0:18:45]} Nf5+ {[%clk 0:23:37]} 51. Kd3 {[%clk 0:17:22]} Kc5
{[%clk 0:22:52]} 52. Nb7+ {[%clk 0:16:57]} Kb4 {[%clk 0:18:37]} 53. a5
{[%clk 0:11:46]} Kb5 {[%clk 0:16:36]} 54. b4 {[%clk 0:11:07]} Ne7
{[%clk 0:12:58]} 55. Kc3 {[%clk 0:09:50]} d4+ {[%clk 0:12:44]} 56. Kb3
{[%clk 0:09:38]} g6 {[%clk 0:09:41]} 57. Nd6+ {[%clk 0:09:22]} Kc6
{[%clk 0:09:45]} 58. Nc4 {[%clk 0:09:14]} Nd5 {[%clk 0:07:13]} 59. Na3
{[%clk 0:07:01]} d3 {[%clk 0:04:34]} 60. b5+ {[%clk 0:02:51]} Kc5
{[%clk 0:04:25]} 61. b6 {[%clk 0:02:48]} Nb4 {[%clk 0:30:01]} 62. Kc3
{[%clk 0:27:22]} Nc6 {[%clk 0:25:59]} 63. Nc4 {[%clk 0:27:04]} Nb4
{[%clk 0:18:41]} 64. Ne5 {[%clk 0:25:55]} Kb5 {[%clk 0:18:48]} 65. b7
{[%clk 0:25:20]} Na6 {[%clk 0:18:01]} 66. Nd7 {[%clk 0:25:32]} Kxa5
{[%clk 0:18:03]} 67. b8=Q {[%clk 0:25:31]} Nxb8 {[%clk 0:18:29]} 68. Nxb8
{[%clk 0:25:57]} Kb5 {[%clk 0:18:54]} 69. Kxd3 {[%clk 0:26:24]} Kc5
{[%clk 0:19:19]} 70. Ke4 {[%clk 0:26:47]} Kd6 {[%clk 0:19:43]} 71. Kf4
{[%clk 0:27:13]} Ke6 {[%clk 0:20:05]} 72. Kg5 {[%clk 0:27:43]} Kf7
{[%clk 0:20:23]} 73. Nc6 {[%clk 0:28:10]} 1-0